000
00327nam a2200145Ia 4500
100
_a
Naik/Kshirasagar
650
_a
Software testing
942
_c
BK
245
_a
Software testing and quality assurarance
260
_b
Wiley
_c
2008
082
_a
5.14
_b
NAI
300
_a
616
546
_a
ENGLISH
_c
electronics
999
_c
23660
_d
23660